| 000 | 00832nam a2200241 u 4500 | ||
|---|---|---|---|
| 001 | 000056158 | ||
| 005 | 20200120223224.0 | ||
| 008 | 130613s2003 ck a gr 000 0 spa d | ||
| 020 | _a9583010820. | ||
| 041 | 0 | _a/spa | |
| 082 | 0 | 4 |
_a745.92 _bF56f _221 |
| 245 | 0 | 0 |
_aFlores frescas para el matrimonio : _bdecorando utensilios para la casa / _credacción Zandra Quintero Ovalle ; fotografía Jorge H. González. |
| 250 | _a1a. ed. | ||
| 260 |
_aBogotá : _bPanamericana Editorial, _c2003. |
||
| 300 |
_a18 p. : _bil., fots. |
||
| 490 | 0 | _aManos maestras | |
| 650 | 1 | 7 |
_aManuales de hágalo usted mismo _2LEMB. |
| 650 | 2 | 7 |
_aArreglos florales _vManuales _2LEMB. |
| 650 | 2 | 7 |
_aEnsamblaje (Arte) _vManuales _2LEMB. |
| 650 | 2 | 7 |
_aCollage _vCollage _2LEMB. |
| 700 | 1 | _aQuintero Ovalle, Zandra | |
| 700 | 1 |
_aGonzález, Jorge H. _eilustrador. |
|
| 999 |
_c5641 _d5641 |
||